| 000 | 02241ncm0a2200385 4500 | ||
|---|---|---|---|
| 001 | RU\NLR\ONIZ\214838 | ||
| 005 | 20250626034816.0 | ||
| 010 | _a5-93913-005-4 | ||
| 035 | _a(NLR Aleph) 011273458 | ||
| 090 |
_a10831159 _c10831159 |
||
| 100 | _a20160922d2000 |||y0rusy50 ca | ||
| 101 | 0 | _arus | |
| 102 | _aRU | ||
| 125 | _azx | ||
| 145 | 0 | _ac | |
| 200 | 1 |
_aПетербургский аккорд. Барды о городе _bНоты _e[песни и стихи о Санкт-Петербурге c букв.-цифр. обозн. партии сопровожд.] _fА. Левитан и М. Левитаны _gфот. Ю. Богданов |
|
| 210 |
_aСанкт-Петербург _cПрофессия _d2000 |
||
| 215 |
_a398 с. _cил., фото _d20х17 см |
||
| 313 | _aСистематизация документа проведена по изданию - Методика классифицирования музыкальных произведений (нотных изданий) по таблицам Библиотечно-библиографических классификаций : метод. рекомендации / Гос. б-ка СССР им. В.И. Ленина.- М., 1977. Индексу ББК методических рекомендаций присваивается код ББК для научных библиотек - LBC/SL | ||
| 606 | 1 |
_aБардовская песня _xСборники _2shnlr |
|
| 607 |
_aСанкт-Петербург, город _xМузыкальные интерпретации _xНоты _2nlr_sh |
||
| 686 |
_aЩ94я491 _vLBC/SL _2rubbk |
||
| 702 | 1 |
_aЛевитан _bА. М. _f1956- _gАлла Манфредовна _4220 |
|
| 702 | 1 |
_9z03790 _aЛевитан _bМ. С. _f1957- _gМарк Семёнович _4220 |
|
| 702 | 1 |
_9z04790 _aБогданов _bЮ. П. _f1935- _gЮрий Петрович _4600 |
|
| 790 | 1 |
_9z03702 _aLevitan _bM. S. _f1957- _gMark Semyenovich _4220 |
|
| 790 | 1 |
_9z04702 _aBogdanov _bYu. P. _f1935- _gYuriy Petrovich _4600 |
|
| 801 | 0 |
_aRU _bNLR _c20160922 _gPSBO |
|
| 801 | 1 |
_aRU _bNLR _c20160922 _2rusmarc |
|
| 801 | 2 |
_aRU _bNLR _c20160923 |
|
| 852 |
_aNLR _bМ _j2/4204 _p281033 _t1 |
||
| 942 | _cSCORE | ||
| 980 | _aNB | ||
| 980 | _aONIZ | ||